00856nam a2200241Ia 4500003000400000005001700004008004100021020001800062040001800080041000800098082002100106100002300127245006800150250001200218260003500230300002300265650003600288650003000324650004400354942003000398999001900428952016700447OSt20220622114148.0210716s2006 xx 000 0 und d a9788131201145 cAIMIT LIBRARY aeng a511.42 21bSINS aSinha, S M.944437 aMathematical programming: btheory and methods /cBy S M Sinha. a1st ed. aNew Delhi :bElsevier ,c2006. axv,572p. ;c24 cm. aMathematical foundations944438 aLinear programming944439 aDegeneracy in linear programming944440 2ddccBKe1stk511.42 SINS c189072d189072 00102ddc40708MCAaAIMITbAIMITeAthulya Booksg495.00iBill no:ABK 505; Bill dt:2008-12l0o511.42 SINSpMCA08580r2025-07-21 00:00:00v386.10w2021-07-16yBK